[Event "Kemerovo2"]
[Site "Kemerovo"]
[Date "1995.??.??"]
[Round "6"]
[White "Isupov, Vladimir"]
[Black "Kupreichik, Viktor D"]
[Result "0-1"]
[WhiteElo "2380"]
[BlackElo "2525"]

1.e4 c5 2.Nf3 d6 3.Bb5+ Nc6 4.d4 cxd4 5.Qxd4 Bd7 6.Bxc6 Bxc6 7.Nc3 Nf6 8.Bg5 e6
9.O-O-O Be7 10.Qd3 O-O 11.Nd4 Rc8 12.f4 Re8 13.Kb1 Qa5 14.Rhe1 h6 15.Nb3 Qb6
16.Bxf6 Bxf6 17.Qxd6 Red8 18.Qc5 Bxc3 19.bxc3 Bxe4 20.Qxb6 Rxd1+ 21.Rxd1 axb6
22.g3 Rxc3 23.Rd2 g5 24.fxg5 hxg5 25.Kb2 Re3 26.Nd4 Kg7 27.Re2 Rxe2 28.Nxe2 Kf6
29.c4 Bd3 30.Nc3 Bxc4 31.Ne4+ Kg6 32.Nd6 Bd5 33.a3 f5 34.Kc3 Kh5 35.Kd4 Kg4
36.Nf7 Kh3 37.Nxg5+ Kxh2 38.Ke3 Kxg3 39.Nf7 f4+ 40.Ke2 f3+  0-1

[Event "Kemerovo2"]
[Site "Kemerovo"]
[Date "1995.??.??"]
[Round "8"]
[White "Komliakov, Viktor"]
[Black "Khasin, Alexander"]
[Result "1/2-1/2"]
[WhiteElo "2525"]
[BlackElo "2485"]

1.e4 c5 2.Nf3 d6 3.Bb5+ Bd7 4.Bxd7+ Qxd7 5.c4 Nf6 6.Nc3 Nc6 7.d4 cxd4 8.Nxd4 Qg4
9.O-O Qxd1 10.Rxd1 Nxd4 11.Rxd4 Rc8 12.b3 g6 13.Bb2 Bg7 14.Rd2 O-O 15.Nd5 Nxd5
16.Bxg7 Kxg7 17.Rxd5 a6 18.Rad1  1/2-1/2

[Event "Kishinev Interzonal (Women)"]
[Site "Kishinev"]
[Date "1995.??.??"]
[Round "2"]
[White "Sheremetieva, Marina"]
[Black "Sakhatova, Elvira"]
[Result "1/2-1/2"]
[WhiteElo "2250"]
[BlackElo "2340"]

1.e4 c5 2.Nf3 d6 3.Bb5+ Bd7 4.Bxd7+ Qxd7 5.c4 Nc6 6.Nc3 g6 7.d4 cxd4 8.Nxd4 Bg7
9.Nde2 Nf6 10.f3 O-O 11.O-O a6 12.a4 Qd8 13.Be3 Qa5 14.Rc1 Nd7 15.b3 Nc5
16.Nd5 e6 17.Ndf4 Rfd8 18.Kh1 b5 19.Bd2 b4 20.Qc2 Qc7 21.Rfd1 Rab8 22.Be3 Na5  1/2-1/2

[Event "Kishinev Interzonal (Women)"]
[Site "Kishinev"]
[Date "1995.??.??"]
[Round "10"]
[White "Skripchenko, Almira"]
[Black "Wang Lei"]
[Result "1/2-1/2"]
[WhiteElo "2400"]
[BlackElo "2290"]

1.e4 c5 2.Nf3 d6 3.Bb5+ Nc6 4.d4 cxd4 5.Qxd4 Bd7 6.Bxc6 Bxc6 7.Nc3 Nf6 8.Bg5 e6
9.O-O-O Be7 10.Qd3 Qa5 11.h4 h6 12.Bd2 Ng4 13.Qe2 Qc5 14.Nd4 h5 15.Bg5 Bxg5+
16.hxg5 Qxg5+ 17.Kb1 Ke7 18.Rhf1 Rhd8 19.f4 Qc5 20.f5 Nf6 21.fxe6 fxe6 22.Nd5+ Nxd5
23.Nxc6+ bxc6 24.exd5 cxd5 25.Qxh5 Kd7 26.Qf7+ Kc6 27.Qxe6 Rf8 28.Qg4 Qc4
29.Qxc4+ dxc4 30.c3 Rae8 31.Rxf8 Rxf8 32.Rd2 d5 33.Kc2 a5 34.Re2 Kc5 35.Kd2 Rf1
36.Ke3 Ra1 37.a3 Rf1 38.Rd2 Rf7 39.Rd4 Rb7 40.Rd2 Rf7 41.Ke2 Rf4 42.Ke3  1/2-1/2

[Event "Konik op"]
[Site "?"]
[Date "1995.??.??"]
[Round "?"]
[White "Machycek, Lubomir"]
[Black "Vaclavik, David"]
[Result "0-1"]
[WhiteElo "2145"]
[BlackElo "2005"]

1.e4 c5 2.Nf3 d6 3.Bb5+ Bd7 4.Bxd7+ Qxd7 5.O-O Nc6 6.c3 Nf6 7.Qe2 e6 8.d4 cxd4
9.cxd4 d5 10.e5 Ne4 11.Be3 f6 12.exf6 gxf6 13.Nbd2 Nxd2 14.Bxd2 O-O-O 15.Rfe1 Re8
16.Rac1 Bd6 17.b4 Kb8 18.b5 Nd8 19.Qd3 Reg8 20.a3 h5 21.Bb4 Bf4 22.Rc3 h4
23.Re2 e5 24.dxe5 Qh3 25.g3 hxg3 26.Bd6+ Ka8 27.fxg3 Bxg3 28.Ng5 Rxg5 29.hxg3 Qh1+
30.Kf2 Rh2+ 31.Ke3 Rxg3+ 32.Kf4 Qf1+ 33.Kxg3 Qh3+  0-1

[Event "Krasnodar"]
[Site "Krasnodar"]
[Date "1995.??.??"]
[Round "9"]
[White "Nadyrhanov, S."]
[Black "Gaponenko, Inna"]
[Result "1-0"]
[WhiteElo "2470"]
[BlackElo "2390"]

1.e4 c5 2.Nf3 d6 3.Bb5+ Nd7 4.O-O Nf6 5.Re1 a6 6.Bf1 b6 7.d4 cxd4 8.Nxd4 Bb7
9.f3 e6 10.c4 Be7 11.Nc3 O-O 12.Be3 Qc7 13.Rc1 Rac8 14.Qd2 Qb8 15.Qf2 Bd8
16.Qg3 Kh8 17.h4 Ne5 18.b3 Re8 19.Qh3 d5 20.exd5 exd5 21.Nxd5 Nxd5 22.cxd5 Rxc1
23.Bxc1 Be7 24.Kh1 Bb4 25.Rd1 Bxd5 26.Bxa6 Qa8 27.Bb5 Rd8 28.Qg3 f6 29.Bf4 Ng6
30.Bc7 Rg8 31.a4 Bc5 32.b4 Bxb4 33.Bxb6 Ne5 34.Bc7 Nc4 35.Nf5 Be6 36.Bxc4 Bxc4
37.Rd8 Qxd8 38.Bxd8 Bc3 39.Qc7 Be6 40.Qxc3  1-0

[Event "Kurgan"]
[Site "Kurgan"]
[Date "1995.??.??"]
[Round "10"]
[White "Komliakov, Viktor"]
[Black "Predein, V."]
[Result "1-0"]
[WhiteElo "2535"]
[BlackElo "2355"]

1.e4 c5 2.Nf3 d6 3.Bb5+ Bd7 4.Bxd7+ Qxd7 5.c4 Nf6 6.Nc3 Nc6 7.O-O g6 8.d4 cxd4
9.Nxd4 Bg7 10.Nde2 O-O 11.f3 a6 12.a4 Qd8 13.Kh1 Nd7 14.Rb1 Rc8 15.b3 Nc5
16.Be3 Nb4 17.Qd2 e6 18.Rfd1 Rc6 19.Nc1 Qe7 20.Nb5 axb5 21.axb5 Rc7 22.Qxb4 f5
23.exf5 Rxf5 24.Nd3 Qf6 25.Nxc5 dxc5 26.Qd2 Rc8 27.Qd7 Rf8 28.Qxb7 Qc3 29.Bg1 Rh5
30.Qe4 Be5 31.Rd3 Qa5 32.g4 Qa2 33.gxh5 Qxb1 34.hxg6 Qa1 35.gxh7+ Kh8 36.b6  1-0

[Event "Clarin op"]
[Site "La Carlota"]
[Date "1995.??.??"]
[Round "5"]
[White "Malbran, Guillermo"]
[Black "Servat, Roberto"]
[Result "0-1"]
[WhiteElo "2355"]
[BlackElo "2450"]

1.e4 c5 2.Nf3 d6 3.Bb5+ Nd7 4.O-O Nf6 5.Re1 a6 6.Bf1 b6 7.d3 Bb7 8.g3 g6
9.Nh4 Bg7 10.Bg2 Qc7 11.f4 e6 12.c3 O-O 13.Qe2 Rac8 14.c4 Nb8 15.Nc3 Nc6
16.Be3 Nd4 17.Bxd4 cxd4 18.Nb1 e5 19.Bh3 Rce8 20.f5 Bh6 21.Nd2 b5 22.b3 Qa5
23.Nhf3 bxc4 24.bxc4 Bc6 25.Nb3 Qc3 26.Red1 Be3+ 27.Kh1 Nxe4 28.dxe4 Bxe4
29.Bg2 Bxf5 30.Ne1 Rb8 31.Bd5 a5 32.g4 Be6 33.Rd3 Bxd5+ 34.cxd5 Qc7 35.Ng2 a4
36.Nd2 Bxd2 37.Rxd2 Qa5 38.Ne1 Qxd5+ 39.Qg2 e4 40.Rad1 Rb4 41.Nc2 Rb2 42.Ne3 Rxd2
43.Qxd2  0-1

[Event "La Coruna TH op"]
[Site "La Coruna"]
[Date "1995.??.??"]
[Round "1"]
[White "Gonzalez Tedin, A."]
[Black "Damljanovic, Branko"]
[Result "0-1"]
[WhiteElo "2025"]
[BlackElo "2555"]

1.e4 c5 2.Nf3 d6 3.Bb5+ Nc6 4.O-O Bd7 5.c3 a6 6.Ba4 Nf6 7.Re1 b5 8.Bc2 e5
9.d4 cxd4 10.cxd4 Bg4 11.d5 Nd4 12.Nbd2 Nxc2 13.Qxc2 Be7 14.h3 Bd7 15.Nf1 O-O
16.Ng3 Ne8 17.Nh2 g6 18.Be3 Ng7 19.Rad1 Rc8 20.Qd2 f5 21.exf5 gxf5 22.f4 Bf6
23.Nf3 e4 24.Nd4 Qe8 25.Qa5 Ra8 26.Rc1 Bd8 27.Qb4 Rf6 28.Red1 Rg6 29.Nf1 Nh5
30.Qe1 Qf7 31.Nb3 a5 32.Qf2 a4 33.Na1 Nf6 34.Qd2 h5 35.Nc2 Ba5 36.Qd4 Kh7
37.Na3 Rag8 38.Rc2 Qg7 39.g3 Rxg3+ 40.Kh1 Rxh3+ 41.Nh2 Qg3  0-1

[Event "Las Palmas op"]
[Site "Las Palmas"]
[Date "1995.??.??"]
[Round "3"]
[White "Barlov, Dragan"]
[Black "Kurajica, Bojan"]
[Result "1/2-1/2"]
[WhiteElo "2465"]
[BlackElo "2595"]

1.e4 c5 2.Nf3 d6 3.Bb5+ Bd7 4.Bxd7+ Qxd7 5.O-O Nc6 6.d4 cxd4 7.Nxd4 Nf6 8.Re1 g6
9.c4 Bg7 10.Nc3 O-O 11.Nc2 Rac8 12.b3  1/2-1/2

[Event "National op"]
[Site "Las Vegas"]
[Date "1995.??.??"]
[Round "1"]
[White "Shamkovich, Leonid"]
[Black "Meyer, Eugene B"]
[Result "1-0"]
[WhiteElo "2390"]
[BlackElo "2475"]

1.e4 c5 2.Nf3 d6 3.Bb5+ Bd7 4.Bxd7+ Qxd7 5.O-O g6 6.d4 cxd4 7.Nxd4 Bg7 8.c4 Nc6
9.Nc2 Nf6 10.Nc3 O-O 11.Qe2 a6 12.Rd1 Qc7 13.Bg5 e6 14.Rac1 h6 15.Bh4 Rfd8
16.Ne3 Qe7 17.f4 Qf8 18.Rd2 e5 19.f5 g5 20.Bf2 Nd4 21.Qd1 b5 22.Ncd5 bxc4
23.Nxf6+ Bxf6 24.Nd5 Qg7 25.Rxc4 Rac8 26.Rc3 Rxc3 27.bxc3 Nc6 28.Qa4 Rb8
29.g4 Ne7 30.Nxf6+ Qxf6 31.Qxa6 Rd8 32.c4 Nc8 33.c5 Qe7 34.c6 d5 35.Rxd5 Rxd5
36.exd5 Qb4 37.Qe2 Qb1+ 38.Kg2 f6 39.Bc5 Qc1 40.Bb4 Nb6 41.Bd2 Qc5 42.Be3 Qxd5+
43.Kg3 Qxc6 44.Qa6 h5 45.Qxb6 h4+ 46.Kf2 Qc2+ 47.Ke1 Kg7 48.Qb7+ Kh6 49.Qb3 Qxh2
50.Qe6 Qg3+ 51.Kd2 Qg2+ 52.Kc3 h3 53.Qxf6+ Kh7 54.Qf7+ Kh8 55.Qe8+ Kh7 56.Qd7+  1-0

[Event "Las Vegas op"]
[Site "Las Vegas"]
[Date "1995.??.??"]
[Round "5"]
[White "Larsen, Kenneth"]
[Black "De Firmian, Nick E"]
[Result "0-1"]
[WhiteElo "2360"]
[BlackElo "2590"]

1.e4 c5 2.Nf3 d6 3.Bb5+ Bd7 4.c4 Nc6 5.O-O g6 6.d4 cxd4 7.Nxd4 Bg7 8.Be3 Nf6
9.f3 Rc8 10.Nc3 a6 11.Bxc6 Bxc6 12.Qd2 Bd7 13.b3 O-O 14.Rad1 Re8 15.Rfe1 Qa5
16.a4 Qb4 17.Nd5 Nxd5 18.exd5 Qxd2 19.Rxd2 Bf6 20.Ra2 h5 21.Ne2 Kg7 22.Bb6 h4
23.Rc1 g5 24.Nc3 Kg6 25.Ne4 Be5 26.Rf1 f5 27.Nf2 Bf6 28.Re2 Kf7 29.Nd3 h3
30.g3 e6 31.dxe6+ Bxe6 32.Nb4 a5 33.Nd5 Bxd5 34.Rxe8 Kxe8 35.cxd5 Rc3 36.Re1+ Kf7
37.Kf2 Rxb3 38.Bxa5 Bd4+ 39.Ke2 Re3+ 40.Kd2 Rxf3 41.Rb1 Rf2+ 42.Kd3 Be5 43.Rxb7+ Kg6
44.Bc7 Rxh2 45.Bxd6 Bxd6 46.Rb6 Rh1 47.Rxd6+ Kg7  0-1

[Event "Lazne Bohdanec (Women)"]
[Site "Lazne Bohdanec"]
[Date "1995.??.??"]
[Round "?"]
[White "Dmitriev, Igor"]
[Black "Baginskaite, Kamile"]
[Result "1-0"]
[WhiteElo "2435"]
[BlackElo "2335"]

1.e4 c5 2.Nf3 d6 3.Bb5+ Nc6 4.d4 cxd4 5.Qxd4 Bd7 6.Qd3 Nf6 7.Nc3 e6 8.Bg5 Be7
9.O-O-O Qc7 10.Rhe1 a6 11.Bxc6 Bxc6 12.Nd4 O-O-O 13.Kb1 Kb8 14.f4 h6 15.Bh4 g5
16.fxg5 Nd7 17.Bg3 hxg5 18.Qf1 Rhf8 19.Nxc6+ Qxc6 20.Nd5 exd5 21.exd5 Qc7
22.Rxe7 f5 23.Qe2 f4 24.Bf2 Qc8 25.Rg7 Rfe8 26.Qg4 Nf6 27.Qxg5 Re2 28.Ka1 Ne4
29.Qxf4 Qxc2 30.Qc1 Nxf2 31.Qxc2 Rxc2 32.Rb1 Re8 33.h4 Ree2 34.h5 Ne4 35.h6 Rxg2
36.h7 Rh2 37.Rg8+ Ka7 38.h8=Q Rxh8 39.Rxh8 Rd2 40.Rh5 Nf6 41.Rh6 Ne4 42.Re6 Nc5
43.Rxd6 Nd3 44.a3 Nf4 45.Rd7 Rxd5 46.Rxd5 Nxd5 47.Rd1 Ne7 48.Ka2 Nc6 49.Kb3 b5
50.Rd6 Kb6 51.Kc3 a5 52.Rh6 a4 53.Kd3 Kc5 54.Rh5+ Kb6 55.Ke4 Na5 56.Kd4 Nc4
57.Rh6+ Ka5 58.Kc3 Ne5 59.Rd6 Nc4 60.Rd5 Nb6 61.Rd4  1-0

[Event "Leeuwarden op"]
[Site "Leeuwarden"]
[Date "1995.??.??"]
[Round "6"]
[White "Ulibin, Mikhail"]
[Black "Knoppert, Erik G J"]
[Result "1-0"]
[WhiteElo "2545"]
[BlackElo "2400"]

1.e4 c5 2.Nf3 d6 3.Bb5+ Bd7 4.Bxd7+ Nxd7 5.O-O Ngf6 6.Qe2 e6 7.b3 Be7 8.Bb2 Qc7
9.c4 O-O 10.d4 cxd4 11.Nxd4 Rfe8 12.Nc3 a6 13.Rad1 d5 14.cxd5 exd5 15.Nf5 dxe4
16.Nd5 Nxd5 17.Qg4 g6 18.Rxd5 Rad8 19.Rc1 Nc5 20.Nh6+ Kf8 21.Rf5 f6 22.Bxf6  1-0

[Event "Leeuwarden op"]
[Site "Leeuwarden"]
[Date "1995.??.??"]
[Round "6"]
[White "Bosboom, Manuel"]
[Black "Dvoirys, Semen I"]
[Result "0-1"]
[WhiteElo "2450"]
[BlackElo "2580"]

1.e4 c5 2.Nf3 d6 3.Bb5+ Nc6 4.O-O Bd7 5.c3 Nf6 6.Re1 a6 7.Bxc6 Bxc6 8.d4 Bxe4
9.Bg5 Bc6 10.Na3 b5 11.c4 h6 12.Bxf6 gxf6 13.Nh4 Rg8 14.b4 Qd7 15.d5 Bb7
16.bxc5 dxc5 17.Rb1 b4 18.Nc2 Qg4 19.Qxg4 Rxg4 20.Nf5 e6 21.Nce3 Rg8 22.Ng3 O-O-O
23.Nh5 f5 24.g3 Bd6 25.Ng2 exd5 26.cxd5 Bxd5 27.Nf6 Be4 28.Nxe4 fxe4 29.Rxe4 Rge8
30.Rc4 Kb7 31.Ne3 Bf8 32.Rf4 Rd7 33.Kg2 Kc6 34.Kf3 Kb5 35.Nc4 Rd4 36.Rxd4 cxd4
37.Na3+ Kc5 38.Rc1+ Kd5 39.Nc4 Bc5 40.h4 Re6 41.Nb2 a5 42.h5 Rf6+ 43.Ke2 Ra6
44.Na4 d3+ 45.Kxd3 Bxf2 46.Rf1 Rf6 47.Nb2 Bd4 48.Rxf6 Bxf6 49.Nc4 a4 50.Ne3+ Kc5
51.Kc2 Bg5 52.Nd1 Kd4  0-1

[Event "Leeuwarden op"]
[Site "Leeuwarden"]
[Date "1995.??.??"]
[Round "7"]
[White "Ellenbroek, Ton"]
[Black "Van der Wal, Jannes"]
[Result "0-1"]
[WhiteElo "2120"]
[BlackElo "2305"]

1.e4 c5 2.Nf3 d6 3.Bb5+ Nd7 4.O-O Nf6 5.Re1 a6 6.Bf1 b6 7.d4 cxd4 8.Qxd4 Bb7
9.Bg5 e6 10.Nbd2 Qc7 11.Rad1 Be7 12.Nc4 b5 13.Bxf6 Nxf6 14.Nxd6+ Bxd6 15.Qxd6 Qxd6
16.Rxd6 Bxe4 17.Rxa6 b4 18.Rxa8+ Bxa8 19.Ne5 Ke7 20.Rd1 Rc8 21.Rd2 Rc7 22.f3 Nd5
23.Bc4 f6 24.Bxd5 Bxd5 25.Nd3 Rb7 26.Kf2 g5 27.Ke1 Kd6 28.Kd1 Kc6 29.f4 Kb5
30.g3 Ra7 31.Nc1 gxf4 32.gxf4 Rg7 33.Rf2 Rg1+ 34.Kd2 Kc4 35.c3 bxc3+ 36.bxc3 h5
37.Ne2 Ra1 38.Nc1 Be4 39.Re2 f5 40.Re3 Rb1 41.Rh3 Rb2+ 42.Kd1 Rf2 43.Nb3 Bd3
44.Nc1 Be4 45.Nb3 Rxf4 46.Nd2+ Kd5 47.Rxh5 Bf3+ 48.Nxf3 Rxf3 49.Kc2 e5 50.Rh8 f4
51.a4 Rf2+ 52.Kb3 f3 53.c4+ Kd4 54.Rd8+ Ke3 55.c5 Rxh2 56.c6 f2 57.Rf8 Rh6
58.Rf5 Rxc6 59.Rxe5+ Kf4  0-1

[Event "Leeuwarden op"]
[Site "Leeuwarden"]
[Date "1995.??.??"]
[Round "9"]
[White "Etmans, Maarten D"]
[Black "Hoeksema, Hendrik Pieter"]
[Result "0-1"]
[WhiteElo "2260"]
[BlackElo "2410"]

1.e4 c5 2.Nf3 d6 3.Bb5+ Nc6 4.Bxc6+ bxc6 5.O-O e5 6.Re1 g5 7.d3 h6 8.b4 cxb4
9.a3 bxa3 10.Bxa3 Bg7 11.c3 Ne7 12.Nbd2 O-O 13.Nc4 c5 14.Bb2 Ng6 15.Qa4 Be6
16.Qa6 d5 17.Ne3 dxe4 18.dxe4 g4 19.Red1 Qb8 20.Ne1 Qxb2 21.Rdb1 Qxc3  0-1

[Event "Legnica"]
[Site "Legnica"]
[Date "1995.??.??"]
[Round "?"]
[White "Bus, Mariusz"]
[Black "Jakubowski, Tomasz"]
[Result "1/2-1/2"]
[WhiteElo "2390"]
[BlackElo "2215"]

1.e4 c5 2.Nf3 d6 3.Bb5+ Bd7 4.Bxd7+ Qxd7 5.O-O Nc6 6.c3 Nf6 7.Re1 g6 8.d4 cxd4
9.cxd4 Bg7 10.Nc3 O-O 11.Bf4 Rfd8 12.d5 Nb4 13.Qd2 Rac8 14.Be3 Qc7 15.Bxa7 b6
16.a3 Nbxd5 17.exd5 Qxa7 18.Re2 Qb7 19.Rae1  1/2-1/2

[Event "GER-chJT"]
[Site "Leipzig"]
[Date "1995.??.??"]
[Round "?"]
[White "Eichler, Christoph"]
[Black "Gustafsson, Jan"]
[Result "0-1"]
[WhiteElo "2230"]
[BlackElo "2205"]

1.e4 c5 2.Nf3 d6 3.Bb5+ Nd7 4.a4 Nf6 5.d3 g6 6.O-O Bg7 7.Re1 O-O 8.c3 a6
9.Bxd7 Nxd7 10.d4 b6 11.Bg5 Bb7 12.Nbd2 Re8 13.Nf1 Qc7 14.Ng3 b5 15.axb5 axb5
16.Rxa8 Bxa8 17.Qc1 e5 18.d5 c4 19.Bh6 f6 20.Be3 Nc5 21.Bxc5 Qxc5 22.Qe3 Qc7
23.Ra1 Bb7 24.h4 h5 25.Ne1 Ra8 26.Rxa8+ Bxa8 27.Nc2 Qa5 28.Kh2 Bb7 29.Nb4 Bc8
30.Nc6 Qc7 31.Qa7 Qxa7 32.Nxa7 Bd7 33.Nc6 Bh6 34.Ne2 Kf7 35.Nb4 f5 36.exf5 Bxf5
37.Nc6 Bd3 38.Ng3 Bc1 39.Na7 b4 40.cxb4 Bxb2 41.b5 c3 42.b6 Ba6 43.Nc6 c2
44.Ne2 c1=Q 45.Nxc1 Bxc1 46.Na5 Bd2 47.b7 Bxb7 48.Nxb7 Ke7  0-1

[Event "Lenk op"]
[Site "Lenk"]
[Date "1995.??.??"]
[Round "5"]
[White "Jenei, Ferenc"]
[Black "Gallagher, Joseph G"]
[Result "0-1"]
[WhiteElo "2215"]
[BlackElo "2515"]

1.e4 c5 2.Nf3 d6 3.Bb5+ Bd7 4.Bxd7+ Nxd7 5.O-O Ngf6 6.Re1 e6 7.c4 Be7 8.Nc3 O-O
9.d4 cxd4 10.Nxd4 a6 11.b3 Rc8 12.Bb2 Re8 13.Qd2 Qc7 14.Rac1 Bf8 15.f3 Qb8
16.Red1 Ne5 17.Kh1 Ng6 18.Qf2 Rcd8 19.Nde2 b6 20.Rc2 Qb7 21.Rcd2 b5 22.cxb5 axb5
23.a4 bxa4 24.bxa4 Qa6 25.f4 Rc8 26.Qe3 d5 27.exd5 exd5 28.Qf3 Bc5 29.Nd4 Ne4
30.Nxe4 dxe4 31.Qg4 e3 32.Re2 Qxa4 33.Ree1 Rcd8 34.Nf5 Rxd1 35.Rxd1 e2 36.Re1 Qb4
37.Rxe2 Qe1+  0-1

[Event "Linares op"]
[Site "Linares"]
[Date "1995.??.??"]
[Round "?"]
[White "Margolin, Boris"]
[Black "Hernandez, Gilberto"]
[Result "1-0"]
[WhiteElo "2390"]
[BlackElo "2510"]

1.e4 c5 2.Nf3 d6 3.Bb5+ Bd7 4.Bxd7+ Nxd7 5.c4 Ngf6 6.Nc3 e6 7.O-O Be7 8.d4 cxd4
9.Nxd4 O-O 10.b3 a6 11.Qe2 Re8 12.Bb2 Qc7 13.Rfe1 Bf8 14.Rad1 Rad8 15.Kh1 g6
16.Nc2 Bg7 17.g3 Ne5 18.Nd4 b6 19.Rd2 Qb7 20.Kg1 h5 21.Red1 Ned7 22.Nc2 Nc5
23.f3 Qc7 24.Ne3 Nb7 25.Rd3 Nc5 26.R3d2 Nb7 27.Kg2 Qb8 28.Qd3 Nc5 29.Qb1 Bh6
30.Re2 Ncd7 31.Nc2 b5 32.cxb5 axb5 33.Nb4 Rc8 34.Qd3 Bf8 35.Qxb5 Qxb5 36.Nxb5 d5
37.Nd3 dxe4 38.fxe4 Nxe4 39.Rxe4 Rc2+ 40.Kh1 Nc5 41.Rc4  1-0

[Event "Linares zt"]
[Site "Linares"]
[Date "1995.??.??"]
[Round "9"]
[White "Galego, Luis"]
[Black "David, Alberto"]
[Result "1-0"]
[WhiteElo "2430"]
[BlackElo "2465"]

1.e4 c5 2.Nf3 d6 3.Bb5+ Bd7 4.Bxd7+ Qxd7 5.b3 Nf6 6.Qe2 Nc6 7.O-O e6 8.Bb2 Be7
9.Rd1 O-O 10.c3 Rac8 11.Na3 b6 12.d4 cxd4 13.cxd4 d5 14.Ne5 Qb7 15.exd5 Nxd5
16.Nac4 b5 17.Nxc6 Qxc6 18.Ne5 Qb7 19.Rac1 Bg5 20.Rc5 a6 21.Qf3 Bf6 22.Qg3 Be7
23.Rcc1 Bd6 24.Qf3 Rc7 25.Nd3 Rxc1 26.Rxc1 Rc8 27.Nc5 Qb6 28.Qg4 Qa5 29.Rd1 Qd8
30.g3 g6 31.Qe2 Qg5 32.h4 Qf5 33.Ne4 Be7 34.a3 h5 35.b4 Nf6 36.Nc5 Qd5 37.Nxa6 Rc4
38.Nc5 Bd6 39.Rd3 Ng4 40.Ne4 Be7 41.Nc3 Qd7 42.d5 e5 43.d6 Bd8 44.Nd5 Qxd6
45.Ne3 Qe7 46.Nxg4  1-0

[Event "Lisboa Mestres-B"]
[Site "Lisboa"]
[Date "1995.??.??"]
[Round "2"]
[White "Santos, Jose Alves"]
[Black "Santos, Marco"]
[Result "1/2-1/2"]
[WhiteElo "2065"]
[BlackElo "2185"]

1.e4 c5 2.Nf3 d6 3.Bb5+ Nd7 4.d4 cxd4 5.Qxd4 Nf6 6.e5 dxe5 7.Nxe5 a6 8.Ba4 b5
9.Bb3 Nxe5 10.Qxe5 e6 11.Bf4 Be7 12.O-O O-O 13.Nc3 Bb7 14.Rad1 Qb6 15.Rd3 Rfd8
16.Qc7 Qxc7 17.Bxc7 Rxd3 18.cxd3 Rc8 19.Bb6 Bb4 20.Rc1 Nd5 21.Bxd5 Bxd5 22.a3 Be7
23.Ne2 Rxc1+ 24.Nxc1 Bf6 25.d4 Bg5 26.Nd3 Bc4 27.Nc5 Bc1 28.b3 Be2 29.Nxa6 Bxa3
30.f3 b4 31.Nc5 Bc1 32.Kf2 Bb5 33.Ne4 f5 34.Nd6 Bd3 35.Bc5 Bd2 36.Nb7 Bb5
37.Nd6 Ba6 38.f4 h6 39.h4 Kh7 40.Nf7 Bd3 41.Ne5 Bc2 42.g3 Bxb3 43.Nd3 Bc3
44.Nxb4 Kg6 45.Nd3 Kf7 46.Ke3 Ke8 47.Bb4 Ba1 48.Ne5 Bd1 49.Kd3 Bb2 50.Nc4 Ba1
51.Nd6+ Kd7 52.Nb5 Bf3 53.Nc3 h5 54.Bf8 g6 55.Nb5 Kc6 56.Na7+ Kd5 57.Bc5 Be4+
58.Ke3 Kc4 59.Nc8 Bc6 60.Ne7 Be8 61.Nc8 Kb3 62.Nd6 Bc6 63.Nf7 Bb2 64.Ne5 Bc1+
65.Kf2 Bb5 66.Nxg6 Kc3 67.Nf8 Bc4 68.Nd7 Bb3 69.Ke2 Bc4+ 70.Kf2 Bb3  1/2-1/2

[Event "Litomysl op"]
[Site "Litomysl"]
[Date "1995.??.??"]
[Round "5"]
[White "Sejkora, Vlastimil"]
[Black "Veselovsky, Sergey"]
[Result "1/2-1/2"]
[WhiteElo "2215"]
[BlackElo "2450"]

1.e4 c5 2.Nf3 d6 3.Bb5+ Bd7 4.a4 Nf6 5.d3 Nc6 6.c3 g6 7.h3 Bg7 8.O-O O-O
9.Re1 a6 10.Bxc6 Bxc6 11.a5 c4 12.Nd4 cxd3 13.Qxd3 Qc7 14.Nd2 Rfd8 15.c4 e6
16.N2f3 h6 17.Bd2 Nd7 18.Rac1 Nc5 19.Qc2 Ba4 20.Qc3 e5 21.Nc2 Bc6 22.Be3 Nxe4
23.Qa3 Nc5 24.Bxc5 dxc5 25.Qxc5 e4 26.Nfd4 Bf8 27.Qb6  1/2-1/2

[Event "EUCup f"]
[Site "Ljubljana"]
[Date "1995.??.??"]
[Round "2"]
[White "Yudasin, Leonid"]
[Black "Shirov, Alexei"]
[Result "1-0"]
[WhiteElo "2630"]
[BlackElo "2695"]

1.e4 c5 2.Nf3 d6 3.Bb5+ Bd7 4.Bxd7+ Nxd7 5.O-O Ngf6 6.Qe2 e6 7.b3 Be7 8.Bb2 O-O
9.c4 e5 10.Nc3 Ne8 11.Ne1 Nc7 12.Nc2 Bg5 13.Ne3 Nf6 14.g3 Ne6 15.Qd3 Qd7
16.Ncd5 Bxe3 17.Nxf6+ gxf6 18.fxe3 Qe7 19.Rf2 Nc7 20.Raf1 Ne8 21.Qe2 Kh8
22.Bc3 Rg8 23.b4 b6 24.bxc5 bxc5 25.Rb1 Rg6 26.Qd3 h5 27.Qd5 Rd8 28.Ba5 Rd7
29.Rb8 Rg8 30.Qa8 Kh7 31.Rf5 Kh6 32.Kf2 Qe6 33.h3 Re7 34.Bd8 Rd7 35.Bxf6 Nc7
36.Rxg8 Nxa8 37.g4 hxg4 38.Rxg4  1-0

[Event "Ljubljana op"]
[Site "Ljubljana"]
[Date "1995.??.??"]
[Round "2"]
[White "Muri, Emil"]
[Black "Mazi, Leon"]
[Result "0-1"]
[WhiteElo "2080"]
[BlackElo "2345"]

1.e4 c5 2.Nf3 d6 3.Bb5+ Nd7 4.Nc3 e5 5.O-O Nf6 6.Re1 a6 7.Bxd7+ Bxd7 8.d3 h6
9.Nd2 b5 10.Nf1 g6 11.Ne3 Bg7 12.a4 Bc6 13.axb5 axb5 14.Bd2 O-O 15.Qf3 Kh7
16.Qh3 Qc7 17.Ng4 Nxg4 18.Qxg4 f5 19.Qh4 Qf7 20.b3 b4 21.Na4 Ra7 22.Nb6 Rxa1
23.Rxa1 fxe4 24.dxe4 Bxe4 25.Nc4 Bc6 26.Ne3 g5 27.Qg3 e4 28.h4 Be5  0-1

[Event "POL-chT"]
[Site "Lubniewice"]
[Date "1995.??.??"]
[Round "1"]
[White "Sikora Gizynska, Bozena"]
[Black "Litinskaya, Marta I"]
[Result "1/2-1/2"]
[WhiteElo "2160"]
[BlackElo "2350"]

1.e4 c5 2.Nf3 d6 3.Bb5+ Nd7 4.O-O a6 5.Bxd7+ Qxd7 6.d4 Nf6 7.Nc3 cxd4 8.Qxd4 e5
9.Qd3 h6 10.a4 Qc7 11.Be3 Be6 12.Nd2 Rc8 13.f3 Be7 14.Rfc1 Qc6 15.a5 O-O
16.Bb6 Rfe8 17.Kh1 d5 18.exd5 Nxd5 19.Nxd5 Qxd5 20.Qxd5 Bxd5 21.c4 Be6 22.b3 f5
23.Rc2 Bf6 24.Re1 Re7 25.Nb1 Rd7 26.Rd2 Rxd2 27.Nxd2 Rc6 28.Nf1 f4 29.Nd2 Bf5
30.c5 Bc2 31.b4 Kf7 32.Ne4 Be7 33.Kg1 Ke6 34.Re2 Bb3 35.Rd2 Bc4 36.Kf2 Bh4+
37.g3 fxg3+ 38.hxg3 Be7 39.Bd8 Bf8 40.Ke3 Rc8 41.Nc3 Bb3 42.g4 g6 43.Ke4 Bc2+
44.Ke3 Bb3 45.Ke4 Bc2+ 46.Ke3 Bb3 47.Ke4  1/2-1/2

[Event "POL-chT"]
[Site "Lubniewice"]
[Date "1995.??.??"]
[Round "3"]
[White "Erenska Radzewska, Hanna"]
[Black "Litinskaya, Marta I"]
[Result "1/2-1/2"]
[WhiteElo "2230"]
[BlackElo "2350"]

1.e4 c5 2.Nf3 d6 3.Bb5+ Nd7 4.d4 Nf6 5.Nc3 cxd4 6.Qxd4 e5 7.Qd3 h6 8.O-O Be7
9.Nd2 O-O 10.Bxd7 Bxd7 11.Nc4 Be6 12.Ne3 Qd7 13.b3 Rac8 14.Bb2 Rfd8 15.Rad1 Bf8
16.f4 exf4 17.Rxf4 Ng4 18.Nxg4 Bxg4 19.Rdf1 Be6 20.Nd5 b5 21.R1f2 Qb7 22.h3 Rd7
23.a3 Rc5 24.c4 bxc4 25.bxc4 Qa6 26.Qg3 Rb7 27.Rh4 Bxd5 28.cxd5 Qc4 29.Kh2 Qb3
30.Qxb3 Rxb3 31.Rhf4 f6 32.R4f3 Rb7 33.Kg3 Be7 34.Kf4 Kf7 35.Rd3 Bd8 36.Bd4 Rc4
37.Ra2 Ba5 38.Ke3 Ke7 39.Ke2 a6 40.Kf3 Rb1 41.Bf2 Kd7 42.Rd4 Rc3+ 43.Ke2 Rcb3
44.Rc4 R1b2+ 45.Rxb2 Rxb2+ 46.Kf1  1/2-1/2

[Event "POL-chT"]
[Site "Lubniewice"]
[Date "1995.??.??"]
[Round "5"]
[White "Ehrenfeucht, Wojciech"]
[Black "Kaminski, Marcin"]
[Result "1/2-1/2"]
[WhiteElo "2305"]
[BlackElo "2495"]

1.e4 c5 2.Nf3 d6 3.Bb5+ Bd7 4.Bxd7+ Qxd7 5.c4 Nc6 6.d4 cxd4 7.Nxd4 g6 8.Nc3 Bg7
9.Be3 Nf6 10.h3 O-O 11.O-O  1/2-1/2

[Event "POL-chT"]
[Site "Lubniewice"]
[Date "1995.??.??"]
[Round "7"]
[White "Wlodarczyk, Robert"]
[Black "Jaworski, Miroslaw"]
[Result "0-1"]
[WhiteElo "2305"]
[BlackElo "2360"]

1.e4 c5 2.Nf3 d6 3.Bb5+ Bd7 4.Bxd7+ Qxd7 5.O-O Nc6 6.c3 Nf6 7.Qe2 e6 8.d4 cxd4
9.cxd4 d5 10.e5 Ne4 11.Nbd2 Nxd2 12.Bxd2 Be7 13.Qd3 h6 14.a3 O-O 15.Kh1 Rfc8
16.Ng1 Qd8 17.f4 Qb6 18.Ne2 Qa6 19.Qxa6 bxa6 20.f5 Bg5 21.Bc3 Ne7 22.g4 Rc4
23.Rf3 Rb8 24.Raf1 Nc6 25.Rd1 a5 26.Kg2 a4 27.Kg3 Re8 28.h4 Bd8 29.Nf4 Bb6
30.Rfd3 Kh7 31.Kh3 Nxe5 32.Re3 Nc6 33.fxe6 Bxd4 34.Bxd4 Nxd4 35.Nxd5 Nxe6
36.Rde1 Rd8 37.Nc3 Rd2 38.R3e2 Nf4+  0-1

[Event "POL-chT"]
[Site "Lubniewice"]
[Date "1995.??.??"]
[Round "10"]
[White "Typek, Konrad"]
[Black "Kuczynski, Robert"]
[Result "0-1"]
[WhiteElo "2410"]
[BlackElo "2480"]

1.e4 c5 2.Nf3 d6 3.Bb5+ Nc6 4.O-O Bd7 5.c3 Nf6 6.Re1 a6 7.Ba4 b5 8.Bc2 Bg4
9.d4 cxd4 10.cxd4 e5 11.d5 Nd4 12.Nbd2 Nxc2 13.Qxc2 Be7 14.a4 bxa4 15.Rxa4 O-O
16.Qd3 a5 17.b4 Bd7 18.Rxa5 Rxa5 19.bxa5 Qxa5 20.Qa3 Ra8 21.Qxa5 Rxa5 22.Bb2 Ra4
23.Ra1 Rxa1+ 24.Bxa1 Bb5 25.Ne1 Bd8 26.Bc3 Bb6 27.h3 Kf8 28.g3 Ke7 29.Kg2 Nh5
30.Nf1 g6 31.Nd2 f5 32.f3 Be3 33.g4 Nf4+ 34.Kh2 fxe4 35.fxe4 Nd3 36.Nxd3 Bxd3
37.Kg3 Bxd2 38.Bxd2 Bxe4 39.h4 Bxd5 40.h5 gxh5 41.gxh5 Be4 42.Kh4 Ke6 43.Kg3 d5
44.h6 d4 45.Kf2 Bg6  0-1

[Event "Lvov"]
[Site "Lvov"]
[Date "1995.??.??"]
[Round "10"]
[White "Yandemirov, Valeri"]
[Black "Sulipa, Aleksandar"]
[Result "1/2-1/2"]
[WhiteElo "2460"]
[BlackElo "2435"]

1.e4 c5 2.Nf3 d6 3.Bb5+ Nc6 4.d4 cxd4 5.Qxd4 Bd7 6.Bxc6 Bxc6 7.Nc3 h6 8.O-O Nf6
9.e5 dxe5 10.Qxd8+ Rxd8  1/2-1/2

[Event "Lyon op"]
[Site "Lyon"]
[Date "1995.??.??"]
[Round "9"]
[White "Ristic, N."]
[Black "Georgiev, Krum"]
[Result "1-0"]
[WhiteElo "2395"]
[BlackElo "2445"]

1.e4 c5 2.Nf3 d6 3.Bb5+ Bd7 4.Bxd7+ Qxd7 5.O-O Nc6 6.c3 Nf6 7.d4 Nxe4 8.d5 Ne5
9.Re1 Nxf3+ 10.Qxf3 Nf6 11.c4 e6 12.dxe6 fxe6 13.Bg5 Be7 14.Qe2 O-O 15.Qxe6+ Qxe6
16.Rxe6 Kf7 17.Re2 d5 18.Nc3 d4 19.Rae1 Rae8 20.Bxf6 Bxf6 21.Rxe8 Rxe8 22.Rxe8 dxc3
23.Re1 cxb2 24.f4 b5 25.Kf2 bxc4 26.Ke3 Bc3 27.Rb1 Ke6 28.Ke2 Kd5 29.Kd1 Bd4
30.Ke2 Kd6 31.Re1 Kd7 32.f5  1-0